| 000 | 00944cad a22002175a 4500 | ||
|---|---|---|---|
| 001 | E154321 | ||
| 008 | 111114e20111109xxk 000 0 eng d | ||
| 035 | _a(Sirsi) u154321 | ||
| 041 | 0 | _aeng | |
| 110 | 2 |
_aScotland _bScottish Government _95344 |
|
| 245 | 0 | 0 |
_aVAT reduction urged to support economy _h[electronic resource] |
| 260 | _c2011 | ||
| 490 |
_aScottish Government News Release _v9 November 2011 |
||
| 520 | _aThe Culture Secretary, Fiona Hyslop, has urged the UK government to reduce the VAT rate for renovations and home improvement work to 5%, to help safeguard the built heritage and to boost the construction industry. | ||
| 590 | _aKA | ||
| 651 | 4 |
_aScotland _y1999- |
|
| 690 | _aPROPERTY-RESIDENTIAL PROPERTY-DOMESTIC RESIDENTIAL PROPERTY-HOUSING | ||
| 690 | _aPROPERTY-PROPERTY TAXATION | ||
| 856 | 4 | 0 |
_uhttps://www.scotland.gov.uk/News/Releases/2011/11/09110612 _zView the news release at www.scotland.gov.uk |
| 942 | _n0 | ||
| 999 |
_c83574 _d83574 |
||